LEADER 00725nas a2200169 i 4500 001 000000007908 003 CaOOAMICUS 005 20190627121418.0 008 180830n1983 it zx l u0 z|ita u 040 $aSeMil$bita 245 10$aLezioni della Scuola di studi superiori in Napoli / Istituto italiano per gli studi filosofici. 264 1$aNapoli :$bBibliopolis,$c1983- 300 $av. ;$c21 cm. 710 2 $aIstituto Italiano per gli Studi Filosofici .$0(OLS)http://semarc/name/2497 996 $6245$aLezioni della Scuola di studi superiori in Napoli / Istituto italiano per gli studi filosofici$9(OLS)http://semarc/title/10531 996 $6264$aNapoli :$bBibliopolis$9(OLS)http://semarc/publisher/30003 LEADER 01012nam a2200241 i 4500 001 000000196199 003 CaOOAMICUS 005 20141030000000.0 008 141030n it u000 u ita u 013 $a174880 040 $aSeMil$bita 100 1 $aOlmo, Antonino.$0(OLS)http://semarc/name/51453 245 13$aLa via della santità :$bprofilo del servo di Dio Don Oreste Fontanella /$cAntonino Olmo. 260 $aAlba :$bPaoline,$cstampa 1958. 300 $a139 p., [1] c. di tav. :$b1 ritr. ;$c22 cm. 500 $aFondo card. Giovanni Colombo. 650 4$aFontanella, Oreste .$0(OLS)http://semarc/subject/26960 850 $aSeMil 852 $aSeMil$W1$xVenegono$y1$m3GC III 125$j146762$B146762$CSeMilBibl$Z2$F158200 $8B 941 1 $a3 961 $aLascito: Colombo Card. Giovanni 996 $6245$aLa via della santità :$bprofilo del servo di Dio Don Oreste Fontanella$9(OLS)http://semarc/title/283275 996 $6260$aAlba :$bPaoline$9(OLS)http://semarc/publisher/29692